[Event "Trophee Roza Lallemand Online"]
[Site "Tornelo INT"]
[Date "2020.12.13"]
[Round "3"]
[White "Naville, Lea"]
[Black "Aflalo, Sophie"]
[Result "0-1"]
[WhiteElo "1328"]
[BlackElo "2156"]
[PlyCount "72"]
[EventDate "2020.12.13"]
[EventType "swiss (rapid)"]
[EventRounds "9"]
[EventCountry "USA"]
[SourceTitle "EXT 2022"]
[Source "ChessBase"]
[SourceDate "2021.10.06"]
[SourceVersion "1"]
[SourceVersionDate "2021.10.06"]
[SourceQuality "1"]

1. d4 Nf6 2. Bf4 g6 3. Nc3 c5 4. dxc5 Bg7 5. Nf3 Qa5 6. e4 Nxe4 7. Bd2 Nxd2 8. Qxd2 Qxc5 9. Bd3 0-0 10. 0-0 d5 11. Rfe1 a6 12. Na4 Qc7 13. Qb4 Nc6 14. Qb3 b5 15. Nc5 e6 16. Be2 Ne5 17. Nxe5 Bxe5 18. Nd3 Bxh2+ 19. Kh1 Bd6 20. Rad1 Qc4 21. Qxc4 bxc4 22. Nc1 Bc5 23. Kg1 Bb7 24. Bf3 Rad8 25. Ne2 e5 26. Ng3 e4 27. Bg4 f5 28. Be2 f4 29. Nf1 f3 30. gxf3 exf3 31. Ng3 fxe2 32. Rxe2 Rf3 33. Rdd2 Rxg3+ 34. Kh2 Rf3 35. Kg2 d4 36. Re5 Rf5+ 0-1

[Event "Trophee Roza Lallemand Online"]
[Site "Tornelo INT"]
[Date "2020.12.13"]
[Round "8"]
[White "Vantet, Pascale"]
[Black "Naville, Lea"]
[Result "0-1"]
[WhiteElo "1574"]
[BlackElo "1328"]
[PlyCount "77"]
[EventDate "2020.12.13"]
[EventType "swiss (rapid)"]
[EventRounds "9"]
[EventCountry "USA"]
[SourceTitle "EXT 2022"]
[Source "ChessBase"]
[SourceDate "2021.10.06"]
[SourceVersion "1"]
[SourceVersionDate "2021.10.06"]
[SourceQuality "1"]

1. d4 Nf6 2. Nf3 e6 3. c4 b6 4. Nc3 Bb4 5. a3 Bxc3+ 6. bxc3 Ne4 7. Qc2 Bb7 8. Bf4 f5 9. h3 d6 10. e3 Nd7 11. Bd3 h6 12. 0-0 Qe7 13. Nd2 Nxd2 14. Qxd2 Qf6 15. Rfe1 Qg6 16. Bg3 h5 17. f3 Qxg3 18. e4 fxe4 19. fxe4 Nf6 20. d5 0-0-0 21. Re3 Qg5 22. Qe2 exd5 23. cxd5 Rhe8 24. Ba6 Qg6 25. Bxb7+ Kxb7 26. Re1 Re7 27. c4 Rde8 28. Qb2 Rxe4 29. Rxe4 Rxe4 30. Rb1 Rxc4 31. Qb3 Qe4 32. Rd1 Nxd5 33. a4 Nf4 34. Rd2 Rd4 35. Rc2 Rd1+ 36. Kh2 Rc1 37. Rf2 Nd3 38. Rd2 Qf4+ 39. g3 0-1